000
00314nam a22001457a 4500
008
221011b ||||| |||| 00| 0 eng d
020
_a
9781581107036
041
_a
eng
080
_2
29TH EDITION
_a
579
082
_a
579
100
_a
17
101
_a
MIK
245
_a
RED BOOK
_c
PICKERING L
942
_2
udc
_c
BK
999
_c
58477
_d
58477